00901 a2200217 450000500170000000800410001702000150005802000180007304000500009104100080014124500950014926000910024430000590033550400410039465000280043565000530046365000390051665000580055570000370061370000330065020150820111315.0150820s2002 ck ad fr|||| 00| 0 spa d a9586824233 a9799586824230 aCO-BoUCMbspacJose A. GerenadJose A. Gerena0 aspa00aPropuesta para una colombia competitivaccompiladores Santiago Montenegro, Roberto Steiner c2002aBogotá (Colombia)bUniversidad de los Andes. Facultad de EconomíabAlfaomega axxv, 356 páginasbilustraciones, cuadros, gráficas aIncluye referencias bibliográficas 7aPolítica económica  7aCompetitividad xAspectos económicoszColombia 7aCompetencia económica zColombia 7aGestión ambiental xAspectos económicoszColombia1 aMontenegro, Santiagoecompilador1 aSteiner, Robertoecompilador